000
00312nam a22001457a 4500
008
221005b ||||| |||| 00| 0 eng d
020
_a
9781256262992
041
_a
eng
080
_a
610.73
082
_a
610.73 FIN
100
_a
6
101
_a
INF
245
_a
NURSING 4100
_c
FINKELMAN A
942
_2
udc
_c
BK
999
_c
58364
_d
58364